000 00930nam a22002297a 4500
005 20250619154535.0
010 _aB-766875-903 BACEN25 ENG-145459
020 _a9789358705249
_c699.00
035 _aB-766875-903
035 _aEN-128991
037 _bUDH
037 _bDBAD
082 _a546
245 _a104 NTA Previous Year JEE Main Chemistry;
_bChapter-wise Solved Papers/
_cBy S Chand
250 _a1
260 _aNew Delhi
_bS Chand and Company Limited
_c2024
270 _a A-27, 2nd Floor, Mohan Co-operative Industrial Estate
_bNew Delhi
_e110044
_minfo@schandpublishing.com
_k011-49731800
300 _a666p.
_c26cm(pb)
500 _aChapter-wise Previous Years’ Solved Papers
942 _2ddc
_cEN
_h546
_mJEE
999 _c208732
_d208732